[Event "MPJ_D16"]
[Site "?"]
[Date "2016.03.18"]
[Round "7.8"]
[White "Szelag, Zuzanna"]
[Black "Stebel, Agata"]
[Result "0-1"]
[BlackElo "1856"]
[WhiteElo "1688"]
[LiveChessVersion "1.4.8"]

1. e4 {[%clk 1:30:55]} e5 {[%clk 1:30:54]} 2. Nf3 {[%clk 1:31:20]} Nc6
{[%clk 1:31:18]} 3. Bb5 {[%clk 1:31:44]} a6 {[%clk 1:31:39]} 4. Ba4
{[%clk 1:32:07]} Nf6 {[%clk 1:31:57]} 5. O-O {[%clk 1:32:19]} Be7
{[%clk 1:32:10]} 6. Re1 {[%clk 1:32:24]} b5 {[%clk 1:32:28]} 7. Bb3
{[%clk 1:32:47]} O-O {[%clk 1:32:32]} 8. d3 {[%clk 1:32:34]} d6 {[%clk 1:31:58]}
9. c3 {[%clk 1:31:45]} Na5 {[%clk 1:28:20]} 10. Bc2 {[%clk 1:31:06]} c5
{[%clk 1:27:30]} 11. Nbd2 {[%clk 1:29:29]} Bb7 {[%clk 1:23:17]} 12. Nf1
{[%clk 1:27:48]} Re8 {[%clk 1:17:14]} 13. Ng3 {[%clk 1:24:18]} g6
{[%clk 1:12:57]} 14. h3 {[%clk 1:13:19]} Rc8 {[%clk 1:07:26]} 15. d4
{[%clk 0:59:27]} Nc6 {[%clk 1:00:53]} 16. d5 {[%clk 0:56:46]} Nb8
{[%clk 0:58:38]} 17. Be3 {[%clk 0:51:51]} c4 {[%clk 0:54:34]} 18. a4
{[%clk 0:47:39]} Nbd7 {[%clk 0:51:22]} 19. axb5 {[%clk 0:46:38]} axb5
{[%clk 0:51:36]} 20. Ra7 {[%clk 0:44:03]} Qc7 {[%clk 0:47:40]} 21. Qd2
{[%clk 0:41:07]} Ra8 {[%clk 0:44:23]} 22. Rea1 {[%clk 0:40:56]} Rxa7
{[%clk 0:35:29]} 23. Rxa7 {[%clk 0:37:21]} Ra8 {[%clk 0:30:53]} 24. Rxa8+
{[%clk 0:35:46]} Bxa8 {[%clk 0:29:41]} 25. Nf1 {[%clk 0:31:11]} Nc5
{[%clk 0:26:40]} 26. Bxc5 {[%clk 0:27:07]} Qxc5 {[%clk 0:26:59]} 27. Qe3
{[%clk 0:25:45]} Qxe3 {[%clk 0:25:12]} 28. Nxe3 {[%clk 0:26:05]} Bb7
{[%clk 0:23:43]} 29. Nd2 {[%clk 0:20:37]} Bd8 {[%clk 0:17:31]} 30. Kf1
{[%clk 0:18:37]} Ba5 {[%clk 0:16:06]} 31. Ke2 {[%clk 0:16:49]} Kf8
{[%clk 0:15:20]} 32. Nb1 {[%clk 0:09:33]} Bc8 {[%clk 0:12:04]} 33. f3
{[%clk 0:08:04]} Nh5 {[%clk 0:09:08]} 34. b3 {[%clk 0:06:25]} cxb3
{[%clk 0:08:10]} 35. Bxb3 {[%clk 0:06:49]} Nf4+ {[%clk 0:07:42]} 36. Kf1
{[%clk 0:05:43]} Ba6 {[%clk 0:06:10]} 37. c4 {[%clk 0:04:57]} Bb6
{[%clk 0:04:39]} 38. cxb5 {[%clk 0:03:44]} Bxb5+ {[%clk 0:04:23]} 39. Bc4
{[%clk 0:01:56]} Bd7 {[%clk 0:03:32]} 40. Nd1 {[%clk 0:31:14]} f5
{[%clk 0:31:40]} 41. Nbc3 {[%clk 0:29:07]} fxe4 {[%clk 0:26:57]} 42. fxe4
{[%clk 0:28:15]} Ke7 {[%clk 0:24:42]} 43. Bb5 {[%clk 0:25:56]} Bc8
{[%clk 0:21:01]} 44. Nf2 {[%clk 0:22:16]} Kf6 {[%clk 0:19:25]} 45. Bc4
{[%clk 0:16:52]} Kg5 {[%clk 0:18:33]} 46. Nd3 {[%clk 0:12:42]} Nxd3
{[%clk 0:15:16]} 47. Bxd3 {[%clk 0:13:07]} Kf4 {[%clk 0:15:15]} 48. Ke2
{[%clk 0:10:32]} g5 {[%clk 0:14:16]} 49. Nb5 {[%clk 0:09:22]} Bc5
{[%clk 0:13:28]} 50. Nc7 {[%clk 0:07:57]} Kg3 {[%clk 0:12:14]} 51. Kf1
{[%clk 0:07:40]} g4 {[%clk 0:10:37]} 52. hxg4 {[%clk 0:07:25]} Bxg4
{[%clk 0:10:43]} 53. Ne6 {[%clk 0:06:14]} Bb4 {[%clk 0:09:23]} 54. Bc4
{[%clk 0:03:46]} Bd1 {[%clk 0:08:32]} 55. Bd3 {[%clk 0:04:02]} Bb3
{[%clk 0:07:56]} 56. Ng5 {[%clk 0:03:05]} h6 {[%clk 0:07:00]} 57. Ne6
{[%clk 0:02:45]} Bd1 {[%clk 0:05:56]} 58. Kg1 {[%clk 0:02:02]} h5
{[%clk 0:04:39]} 59. Kf1 {[%clk 0:02:04]} Bd2 {[%clk 0:03:16]} 60. Kg1
{[%clk 0:01:35]} Bh6 {[%clk 0:03:04]} 61. Kf1 {[%clk 0:01:32]} h4
{[%clk 0:02:51]} 62. Ke1 {[%clk 0:01:07]} Bh5 {[%clk 0:02:50]} 63. Kf1
{[%clk 0:01:16]} Bd1 {[%clk 0:01:51]} 64. Ke1 {[%clk 0:01:24]} Kxg2
{[%clk 0:01:25]} 65. Bf1+ {[%clk 0:01:06]} Kg1 {[%clk 0:01:43]} 66. Bh3
{[%clk 0:01:01]} Bc2 {[%clk 0:01:53]} 67. Bf5 {[%clk 0:00:39]} Kg2
{[%clk 0:02:03]} 68. Nc7 {[%clk 0:00:40]} h3 {[%clk 0:01:52]} 69. Bxh3+
{[%clk 0:01:03]} Kxh3 {[%clk 0:02:15]} 70. Nb5 {[%clk 0:01:23]} Bf8
{[%clk 0:02:26]} 71. Nc3 {[%clk 0:01:36]} Kg3 {[%clk 0:02:13]} 72. Kd2
{[%clk 0:01:53]} Bb3 {[%clk 0:02:33]} 73. Kd3 {[%clk 0:01:46]} Kf3
{[%clk 0:02:38]} 74. Nb5 {[%clk 0:01:49]} Ba4 {[%clk 0:02:50]} 75. Nc3
{[%clk 0:02:01]} Be8 {[%clk 0:03:04]} 76. Kd2 {[%clk 0:02:06]} Bg6
{[%clk 0:03:07]} 77. Kd3 {[%clk 0:02:29]} Bh6 {[%clk 0:02:49]} 0-1

[Event "MPJ_D16"]
[Site "?"]
[Date "2016.03.18"]
[Round "7.9"]
[White "Krzysztynska, Anna"]
[Black "Leczek, Weronika"]
[Result "0-1"]
[BlackElo "1766"]
[WhiteElo "1643"]
[LiveChessVersion "1.4.8"]

1. d4 {[%clk 1:30:57]} d5 {[%clk 1:30:45]} 2. Nf3 {[%clk 1:31:20]} Nf6
{[%clk 1:29:26]} 3. e3 {[%clk 1:31:13]} Bg4 {[%clk 1:22:16]} 4. Nbd2
{[%clk 1:29:19]} e6 {[%clk 1:20:53]} 5. Bd3 {[%clk 1:27:33]} Nbd7
{[%clk 1:17:29]} 6. b3 {[%clk 1:26:09]} Be7 {[%clk 1:15:12]} 7. Bb2
{[%clk 1:26:10]} O-O {[%clk 1:14:40]} 8. O-O {[%clk 1:25:29]} c5 {[%clk 1:11:27]}
9. c3 {[%clk 1:21:18]} Rc8 {[%clk 1:09:29]} 10. Rc1 {[%clk 1:18:31]} Nb8
{[%clk 0:58:06]} 11. Re1 {[%clk 1:07:00]} cxd4 {[%clk 0:53:41]} 12. exd4
{[%clk 1:04:19]} Nc6 {[%clk 0:52:11]} 13. Qc2 {[%clk 0:54:52]} Bh5
{[%clk 0:48:08]} 14. Qb1 {[%clk 0:44:22]} Bg6 {[%clk 0:46:31]} 15. Bxg6
{[%clk 0:43:27]} hxg6 {[%clk 0:46:55]} 16. Qd3 {[%clk 0:35:36]} Qc7
{[%clk 0:43:12]} 17. Ne5 {[%clk 0:21:22]} Bd6 {[%clk 0:38:54]} 18. f4
{[%clk 0:18:53]} Nh5 {[%clk 0:36:54]} 19. Rf1 {[%clk 0:16:47]} g5
{[%clk 0:30:16]} 20. g3 {[%clk 0:13:06]} Ne7 {[%clk 0:24:09]} 21. c4
{[%clk 0:11:39]} Qd8 {[%clk 0:23:01]} 22. fxg5 {[%clk 0:09:42]} Bxe5
{[%clk 0:14:54]} 23. dxe5 {[%clk 0:09:48]} Nf5 {[%clk 0:13:08]} 24. Nf3
{[%clk 0:06:28]} Qb6+ {[%clk 0:09:58]} 25. Kh1 {[%clk 0:03:17]} dxc4
{[%clk 0:10:03]} 26. Qc3 {[%clk 0:01:47]} Nhxg3+ {[%clk 0:03:21]} 27. hxg3
{[%clk 0:02:08]} Nxg3+ {[%clk 0:03:48]} 28. Kg2 {[%clk 0:02:14]} Nxf1
{[%clk 0:03:55]} 29. Kxf1 {[%clk 0:01:37]} cxb3 {[%clk 0:03:41]} 30. Qxc8
{[%clk 0:01:18]} Rxc8 {[%clk 0:04:06]} 31. Rxc8+ {[%clk 0:01:40]} Kh7
{[%clk 0:04:33]} 32. a3 {[%clk 0:01:10]} a5 {[%clk 0:03:26]} 33. Rc3
{[%clk 0:01:13]} a4 {[%clk 0:03:46]} 34. Nd4 {[%clk 0:01:28]} Kg6
{[%clk 0:03:33]} 35. Nf3 {[%clk 0:01:32]} Qd8 {[%clk 0:03:18]} 36. Kg2
{[%clk 0:01:17]} Qd1 {[%clk 0:03:26]} 37. Kg3 {[%clk 0:00:47]} Qb1
{[%clk 0:03:09]} 38. Nh4+ Kh7 {[%clk 0:02:53]} 39. Bc1 {[%clk 0:00:50]} b2
{[%clk 0:03:03]} 40. g6+ {[%clk 0:30:48]} fxg6 {[%clk 0:33:12]} 41. Bxb2
{[%clk 0:30:15]} Qxb2 {[%clk 0:33:22]} 42. Re3 {[%clk 0:30:24]} Qd4
{[%clk 0:33:01]} 43. Ng2 {[%clk 0:29:42]} b5 {[%clk 0:32:01]} 44. Kf3
{[%clk 0:29:31]} b4 {[%clk 0:31:24]} 45. axb4 {[%clk 0:27:22]} Qxb4
{[%clk 0:31:09]} 46. Nf4 {[%clk 0:24:51]} Qc4 {[%clk 0:26:58]} 47. Kg4
{[%clk 0:22:56]} Qd4 {[%clk 0:24:16]} 48. Kf3 {[%clk 0:22:37]} g5
{[%clk 0:23:28]} 49. Ne2 {[%clk 0:19:10]} g4+ {[%clk 0:23:20]} 50. Kf2
{[%clk 0:19:12]} Qb2 {[%clk 0:23:14]} 51. Kg3 {[%clk 0:18:24]} a3
{[%clk 0:22:40]} 52. Nc3 {[%clk 0:17:03]} Qd2 {[%clk 0:22:14]} 53. Kf4
{[%clk 0:16:00]} Qd4+ {[%clk 0:21:55]} 54. Ne4 {[%clk 0:14:26]} g5+
{[%clk 0:22:03]} 55. Kxg4 {[%clk 0:13:44]} Qxe3 {[%clk 0:22:26]} 56. Nxg5+
{[%clk 0:13:52]} Qxg5+ {[%clk 0:22:49]} 57. Kxg5 Kg7 {[%clk 0:23:12]} 0-1

[Event "MPJ_D16"]
[Site "?"]
[Date "2016.03.18"]
[Round "7.10"]
[White "Szulc, Patrycja"]
[Black "Ciesinska, Weronika"]
[Result "0-1"]
[BlackElo "1584"]
[WhiteElo "1692"]
[LiveChessVersion "1.4.8"]

1. e4 {[%clk 1:30:57]} c5 {[%clk 1:30:59]} 2. Nf3 {[%clk 1:31:18]} d6
{[%clk 1:31:22]} 3. d4 {[%clk 1:31:41]} cxd4 {[%clk 1:31:48]} 4. Nxd4
{[%clk 1:32:02]} Nf6 {[%clk 1:32:10]} 5. Nc3 {[%clk 1:32:14]} Nc6
{[%clk 1:27:04]} 6. Be3 {[%clk 1:26:56]} Ng4 {[%clk 1:20:32]} 7. Nxc6
{[%clk 1:25:31]} bxc6 {[%clk 1:18:33]} 8. Bd2 {[%clk 1:23:35]} g6
{[%clk 1:16:26]} 9. Be2 {[%clk 1:23:03]} Nf6 {[%clk 1:16:31]} 10. O-O
{[%clk 1:22:33]} Bg7 {[%clk 1:16:52]} 11. Kh1 {[%clk 1:22:27]} O-O
{[%clk 1:16:49]} 12. f4 {[%clk 1:22:27]} d5 {[%clk 1:12:28]} 13. e5
{[%clk 1:21:38]} Ne4 {[%clk 1:03:12]} 14. Nxe4 {[%clk 1:19:52]} dxe4
{[%clk 1:03:35]} 15. Bc4 {[%clk 1:20:05]} Qd4 {[%clk 0:57:45]} 16. Qe2
{[%clk 1:19:33]} Bg4 {[%clk 0:54:23]} 17. Qxg4 {[%clk 1:17:47]} Qxc4
{[%clk 0:54:44]} 18. Bc3 {[%clk 1:18:05]} f5 {[%clk 0:45:40]} 19. exf6
{[%clk 1:13:25]} Bxf6 {[%clk 0:45:18]} 20. f5 {[%clk 1:13:04]} Bxc3
{[%clk 0:45:29]} 21. bxc3 {[%clk 1:13:25]} Rf6 {[%clk 0:42:09]} 22. Rad1
{[%clk 1:09:48]} Raf8 {[%clk 0:41:55]} 23. h3 {[%clk 1:03:18]} Rxf5
{[%clk 0:40:51]} 24. Rxf5 {[%clk 1:03:40]} Rxf5 {[%clk 0:41:15]} 25. Rd7
{[%clk 0:59:15]} Kf7 {[%clk 0:34:38]} 26. Rxa7 {[%clk 0:57:01]} Qf1+
{[%clk 0:33:06]} 27. Kh2 {[%clk 0:57:25]} Qf4+ {[%clk 0:33:07]} 28. Qxf4
{[%clk 0:57:35]} Rxf4 {[%clk 0:33:33]} 29. Ra4 {[%clk 0:57:44]} g5
{[%clk 0:32:15]} 30. Rd4 {[%clk 0:53:13]} e3 {[%clk 0:32:07]} 31. Rd1
{[%clk 0:53:32]} Rc4 {[%clk 0:32:22]} 32. Rd3 {[%clk 0:53:10]} Re4
{[%clk 0:32:46]} 33. Rd1 {[%clk 0:53:34]} Ra4 {[%clk 0:28:38]} 34. Re1
{[%clk 0:52:25]} Rxa2 {[%clk 0:28:57]} 35. Rxe3 {[%clk 0:52:50]} Rxc2
{[%clk 0:29:19]} 36. Kg3 {[%clk 0:53:10]} h6 {[%clk 0:28:26]} 37. Kf3
{[%clk 0:52:56]} Kf6 {[%clk 0:28:09]} 38. g4 {[%clk 0:52:19]} e5 {[%clk 0:26:14]}
39. Ke4 {[%clk 0:51:39]} Ke6 {[%clk 0:23:06]} 40. Kd3 {[%clk 1:18:59]} Ra2
{[%clk 0:53:28]} 41. Kc4 {[%clk 1:13:03]} Ra5 {[%clk 0:53:12]} 42. Kb4
{[%clk 1:12:04]} Rb5+ {[%clk 0:52:19]} 43. Kc4 {[%clk 1:12:25]} Rd5
{[%clk 0:51:26]} 44. Kb4 {[%clk 1:07:30]} Kd6 {[%clk 0:48:07]} 45. c4
{[%clk 1:05:53]} Rd4 {[%clk 0:48:05]} 46. Kc3 {[%clk 1:05:34]} Rf4
{[%clk 0:47:03]} 47. Kd3 {[%clk 1:04:07]} Rd4+ {[%clk 0:45:14]} 48. Kc3
{[%clk 1:04:29]} c5 {[%clk 0:44:41]} 49. Rd3 {[%clk 1:00:13]} Ke6
{[%clk 0:43:19]} 50. Re3 {[%clk 0:59:40]} e4 {[%clk 0:42:52]} 51. Re1
{[%clk 0:56:36]} Ke5 {[%clk 0:43:04]} 52. Rf1 {[%clk 0:56:42]} Rd3+
{[%clk 0:43:19]} 53. Kc2 {[%clk 0:57:05]} Rxh3 {[%clk 0:42:36]} 54. Rf5+
{[%clk 0:57:25]} Kd4 {[%clk 0:42:56]} 55. Kd2 {[%clk 0:57:21]} Kxc4
{[%clk 0:43:13]} 56. Re5 {[%clk 0:57:42]} Kd4 {[%clk 0:43:26]} 57. Re8
{[%clk 0:58:04]} Rh2+ {[%clk 0:42:44]} 58. Kd1 {[%clk 0:58:27]} e3
{[%clk 0:42:40]} 59. Rd8+ {[%clk 0:58:43]} Kc3 {[%clk 0:40:59]} 60. Re8
{[%clk 0:58:53]} Kd3 {[%clk 0:40:45]} 61. Rd8+ {[%clk 0:58:57]} Ke4
{[%clk 0:40:51]} 62. Re8+ {[%clk 0:59:21]} Kf3 {[%clk 0:41:09]} 63. Rf8+
{[%clk 0:59:44]} Kxg4 {[%clk 0:41:26]} 64. Re8 {[%clk 1:00:02]} e2+
{[%clk 0:40:57]} 65. Ke1 {[%clk 1:00:26]} h5 {[%clk 0:39:42]} 66. Re4+
{[%clk 1:00:47]} Kf3 {[%clk 0:39:38]} 67. Rc4 {[%clk 1:01:12]} Rh1+
{[%clk 0:39:55]} 0-1

[Event "MPJ_D16"]
[Site "?"]
[Date "2016.03.18"]
[Round "7.11"]
[White "Parol, Pola"]
[Black "Trembowiecka-wysota, Aleksandra"]
[Result "1-0"]
[BlackElo "1503"]
[WhiteElo "1893"]
[LiveChessVersion "1.4.8"]

1. e4 {[%clk 1:30:58]} c5 {[%clk 1:30:56]} 2. Nf3 {[%clk 1:31:19]} e6
{[%clk 1:31:22]} 3. d4 {[%clk 1:31:40]} cxd4 {[%clk 1:31:44]} 4. Nxd4
{[%clk 1:32:03]} a6 {[%clk 1:32:09]} 5. Nc3 {[%clk 1:32:13]} Qc7 {[%clk 1:31:35]}
6. Be2 {[%clk 1:32:26]} Bb4 {[%clk 1:31:02]} 7. Qd3 {[%clk 1:30:31]} Nf6
{[%clk 1:26:08]} 8. O-O {[%clk 1:27:07]} Nc6 {[%clk 1:16:16]} 9. Nxc6
{[%clk 1:22:20]} bxc6 {[%clk 1:16:24]} 10. Bg5 {[%clk 1:16:45]} Qe5
{[%clk 1:03:48]} 11. f4 {[%clk 1:09:33]} Bc5+ {[%clk 0:58:35]} 12. Kh1
{[%clk 1:08:31]} Qd4 {[%clk 0:58:51]} 13. Qf3 {[%clk 0:55:20]} Bb7
{[%clk 0:51:47]} 14. e5 {[%clk 0:49:24]} Nd5 {[%clk 0:51:36]} 15. Ne4
{[%clk 0:45:47]} Ne3 {[%clk 0:49:28]} 16. c3 {[%clk 0:41:21]} Qd5
{[%clk 0:47:18]} 17. Rfd1 {[%clk 0:33:08]} Nxd1 {[%clk 0:46:58]} 18. Rxd1
{[%clk 0:33:31]} Qxa2 {[%clk 0:46:26]} 19. Nxc5 {[%clk 0:33:50]} Qxb2
{[%clk 0:39:37]} 20. Rxd7 {[%clk 0:29:17]} Qb1+ {[%clk 0:37:41]} 21. Bd1
{[%clk 0:24:19]} Bc8 {[%clk 0:35:18]} 22. Rd8# {[%clk 0:24:39]} 1-0

[Event "MPJ_D16"]
[Site "?"]
[Date "2016.03.18"]
[Round "7.12"]
[White "Zamarska, Sylwia"]
[Black "Kwiatkowska, Agnieszka"]
[Result "1-0"]
[BlackElo "1643"]
[WhiteElo "1605"]
[LiveChessVersion "1.4.8"]

1. d4 {[%clk 1:30:56]} d5 {[%clk 1:30:55]} 2. c4 {[%clk 1:31:04]} e6
{[%clk 1:30:36]} 3. Nc3 {[%clk 1:31:22]} Nf6 {[%clk 1:31:00]} 4. Nf3
{[%clk 1:31:35]} Nbd7 {[%clk 1:30:54]} 5. e3 {[%clk 1:31:22]} Be7
{[%clk 1:30:59]} 6. cxd5 {[%clk 1:30:21]} exd5 {[%clk 1:31:20]} 7. Be2
{[%clk 1:30:04]} O-O {[%clk 1:31:41]} 8. O-O {[%clk 1:28:52]} Re8
{[%clk 1:29:13]} 9. a3 {[%clk 1:27:18]} c6 {[%clk 1:28:59]} 10. b4
{[%clk 1:18:28]} Nb6 {[%clk 1:20:26]} 11. Qb3 {[%clk 1:10:29]} Be6
{[%clk 1:14:07]} 12. Ng5 {[%clk 0:54:36]} Bd6 {[%clk 1:12:15]} 13. Nxe6
{[%clk 0:52:08]} Rxe6 {[%clk 1:12:35]} 14. Bd2 {[%clk 0:43:20]} Ne4
{[%clk 1:10:15]} 15. Nxe4 {[%clk 0:42:45]} dxe4 {[%clk 1:09:50]} 16. f4
{[%clk 0:36:44]} Rh6 {[%clk 0:36:45]} 17. Be1 {[%clk 0:35:17]} g5
{[%clk 0:20:37]} 18. Bg3 {[%clk 0:29:20]} gxf4 {[%clk 0:16:32]} 19. Bxf4
{[%clk 0:29:10]} Bxf4 {[%clk 0:16:55]} 20. Rxf4 {[%clk 0:29:26]} Qe7
{[%clk 0:17:22]} 21. Raf1 {[%clk 0:26:46]} Rf8 {[%clk 0:17:48]} 22. Qc2
{[%clk 0:26:03]} Re8 {[%clk 0:07:13]} 23. Bc4 {[%clk 0:20:03]} Nxc4
{[%clk 0:06:13]} 24. Qxc4 {[%clk 0:20:27]} Rf8 {[%clk 0:06:38]} 25. d5
{[%clk 0:19:45]} cxd5 {[%clk 0:04:48]} 26. Qxd5 {[%clk 0:20:02]} Re6
{[%clk 0:05:05]} 27. Rg4+ {[%clk 0:19:48]} Kh8 {[%clk 0:05:04]} 28. Rff4
{[%clk 0:17:57]} Re8 {[%clk 0:05:04]} 29. Rh4 {[%clk 0:10:28]} f6
{[%clk 0:02:37]} 30. Qf5 {[%clk 0:09:24]} a6 {[%clk 0:01:48]} 31. Rh6
{[%clk 0:08:13]} Rf8 {[%clk 0:01:33]} 32. Rfh4 {[%clk 0:07:57]} Rf7
{[%clk 0:01:58]} 33. Rxh7+ {[%clk 0:07:40]} Rxh7 {[%clk 0:00:56]} 34. Rxh7+
{[%clk 0:07:58]} Qxh7 {[%clk 0:01:19]} 35. Qxe6 {[%clk 0:08:24]} f5
{[%clk 0:00:33]} 36. Qf6+ {[%clk 0:08:18]} Kg8 {[%clk 0:00:46]} 37. Qd8+
{[%clk 0:08:35]} Kg7 {[%clk 0:00:50]} 38. Qe7+ {[%clk 0:09:01]} Kg6
{[%clk 0:00:56]} 39. Qxh7+ {[%clk 0:09:22]} Kxh7 {[%clk 0:01:19]} 40. Kf2
{[%clk 0:39:41]} Kg6 {[%clk 0:30:39]} 41. Kg3 {[%clk 0:39:59]} Kf6
{[%clk 0:30:48]} 42. Kf4 {[%clk 0:40:22]} Kg6 {[%clk 0:31:11]} 43. h4
{[%clk 0:40:22]} b6 {[%clk 0:31:36]} 44. h5+ {[%clk 0:40:36]} Kf6
{[%clk 0:32:02]} 45. h6 {[%clk 0:40:59]} Kg6 {[%clk 0:32:27]} 46. h7
{[%clk 0:41:20]} Kxh7 {[%clk 0:32:52]} 47. Kxf5 {[%clk 0:41:46]} Kg7
{[%clk 0:33:08]} 48. Kxe4 {[%clk 0:42:10]} Kf6 {[%clk 0:33:31]} 49. Kd5
{[%clk 0:42:33]} Ke7 {[%clk 0:33:53]} 50. Kc6 {[%clk 0:42:55]} a5
{[%clk 0:34:13]} 51. Kxb6 {[%clk 0:43:09]} axb4 {[%clk 0:34:38]} 52. axb4
{[%clk 0:43:35]} Kd6 {[%clk 0:35:02]} 53. Ka7 {[%clk 0:43:59]} Kc6
{[%clk 0:35:26]} 54. g4 {[%clk 0:44:21]} Kd6 {[%clk 0:35:51]} 55. b5
{[%clk 0:44:47]} 1-0

[Event "MPJ_D16"]
[Site "?"]
[Date "2016.03.18"]
[Round "7.13"]
[White "Borkowska, Zuzanna"]
[Black "Jurkiewicz, Zuzanna"]
[Result "1/2-1/2"]
[BlackElo "1632"]
[WhiteElo "1465"]
[LiveChessVersion "1.4.8"]

1. e4 {[%clk 1:30:57]} d6 {[%clk 1:30:47]} 2. d4 {[%clk 1:31:15]} g6
{[%clk 1:31:05]} 3. Nc3 {[%clk 1:31:35]} Bg7 {[%clk 1:31:16]} 4. Bg5
{[%clk 1:31:17]} Nd7 {[%clk 1:29:02]} 5. f4 {[%clk 1:31:13]} c5 {[%clk 1:22:35]}
6. Nf3 {[%clk 1:29:13]} cxd4 {[%clk 1:12:21]} 7. Nxd4 {[%clk 1:28:54]} Qb6
{[%clk 1:11:00]} 8. Nb3 {[%clk 1:21:09]} Ngf6 {[%clk 0:59:13]} 9. Qf3
{[%clk 1:16:16]} O-O {[%clk 0:53:24]} 10. Bd3 {[%clk 1:12:10]} a6
{[%clk 0:50:43]} 11. h3 {[%clk 1:01:56]} Qc7 {[%clk 0:40:31]} 12. O-O
{[%clk 0:56:12]} b5 {[%clk 0:35:17]} 13. a3 {[%clk 0:53:48]} Bb7 {[%clk 0:34:52]}
14. Rae1 {[%clk 0:53:17]} e6 {[%clk 0:26:37]} 15. Qe3 {[%clk 0:50:37]} Rac8
{[%clk 0:22:57]} 16. e5 {[%clk 0:49:26]} Qc6 {[%clk 0:22:17]} 17. Rf2
{[%clk 0:48:27]} dxe5 {[%clk 0:18:54]} 18. fxe5 {[%clk 0:47:46]} Nd5
{[%clk 0:15:47]} 19. Nxd5 {[%clk 0:47:44]} Qxd5 {[%clk 0:15:53]} 20. Be7
{[%clk 0:47:22]} Rfe8 {[%clk 0:14:20]} 21. Bd6 {[%clk 0:46:24]} f6
{[%clk 0:12:25]} 22. Rd2 {[%clk 0:35:58]} Nxe5 {[%clk 0:09:35]} 23. Bxg6
{[%clk 0:35:54]} Nc4 {[%clk 0:09:45]} 24. Rxd5 {[%clk 0:35:42]} Nxe3
{[%clk 0:10:07]} 25. Rxe3 {[%clk 0:34:10]} hxg6 {[%clk 0:09:09]} 26. Rc5
{[%clk 0:32:46]} Rxc5 {[%clk 0:07:04]} 27. Nxc5 {[%clk 0:32:56]} Bc8
{[%clk 0:06:57]} 28. a4 {[%clk 0:32:30]} bxa4 {[%clk 0:05:54]} 29. Nxa4
{[%clk 0:32:53]} Rd8 {[%clk 0:05:26]} 30. Bb4 {[%clk 0:32:20]} e5
{[%clk 0:04:33]} 31. Nc5 {[%clk 0:31:44]} Bf8 {[%clk 0:03:30]} 32. Nd3
{[%clk 0:30:28]} Bf5 {[%clk 0:02:40]} 33. Bxf8 {[%clk 0:30:01]} Kxf8
{[%clk 0:03:03]} 34. Nc5 {[%clk 0:26:52]} Rd1+ {[%clk 0:02:19]} 35. Kf2
{[%clk 0:27:09]} Bxc2 {[%clk 0:02:17]} 36. Nxa6 {[%clk 0:27:16]} Rb1
{[%clk 0:01:35]} 37. b4 {[%clk 0:27:18]} e4 {[%clk 0:01:48]} 38. Re1
{[%clk 0:26:46]} Rb3 {[%clk 0:01:19]} 39. Re3 {[%clk 0:26:43]} Bd3
{[%clk 0:01:34]} 40. Nc5 {[%clk 0:56:52]} Rxb4 {[%clk 0:31:42]} 41. Nxd3
{[%clk 0:57:15]} exd3 {[%clk 0:32:03]} 1/2-1/2

[Event "MPJ_D16"]
[Site "?"]
[Date "2016.03.18"]
[Round "7.14"]
[White "Surpeta, Julia"]
[Black "Ossolinska, Matylda"]
[Result "0-1"]
[BlackElo "1613"]
[WhiteElo "1339"]
[LiveChessVersion "1.4.8"]

1. d4 {[%clk 1:30:57]} Nf6 {[%clk 1:30:23]} 2. Nc3 {[%clk 1:30:39]} d5
{[%clk 1:30:07]} 3. Bg5 {[%clk 1:30:13]} c5 {[%clk 1:29:24]} 4. dxc5
{[%clk 1:26:56]} d4 {[%clk 1:28:05]} 5. Bxf6 {[%clk 1:27:17]} exf6
{[%clk 1:27:55]} 6. Ne4 {[%clk 1:27:28]} Bf5 {[%clk 1:27:29]} 7. Ng3
{[%clk 1:25:30]} Bxc5 {[%clk 1:23:53]} 8. Qd2 {[%clk 1:16:39]} Be6
{[%clk 1:16:45]} 9. Nf3 {[%clk 1:13:59]} Qb6 {[%clk 1:13:56]} 10. Ne4
{[%clk 1:11:38]} Qxb2 {[%clk 1:07:27]} 11. Rd1 {[%clk 1:11:39]} Bb4
{[%clk 1:01:19]} 12. c3 {[%clk 1:12:01]} Qxd2+ {[%clk 0:59:44]} 13. Rxd2
{[%clk 1:12:22]} dxc3 {[%clk 0:59:02]} 14. Rc2 {[%clk 1:12:48]} Bf5
{[%clk 0:56:39]} 15. e3 {[%clk 1:09:52]} Bxe4 {[%clk 0:55:49]} 16. Rc1
{[%clk 1:10:16]} Bxf3 {[%clk 0:51:50]} 17. gxf3 {[%clk 1:10:35]} O-O
{[%clk 0:51:31]} 18. Be2 {[%clk 1:10:41]} Nc6 {[%clk 0:50:38]} 19. O-O
{[%clk 1:10:59]} Rfd8 {[%clk 0:46:06]} 20. f4 {[%clk 1:10:00]} Rd2
{[%clk 0:44:15]} 21. Bc4 {[%clk 1:10:21]} Rad8 {[%clk 0:40:49]} 22. Bb3
{[%clk 1:10:39]} Na5 {[%clk 0:39:05]} 23. Bc2 {[%clk 1:10:50]} Ba3
{[%clk 0:38:12]} 0-1

[Event "MPJ_D16"]
[Site "?"]
[Date "2016.03.18"]
[Round "7.15"]
[White "Kostecka, Marika"]
[Black "Pedrak, Paulina"]
[Result "1-0"]
[BlackElo "1610"]
[WhiteElo "1775"]
[LiveChessVersion "1.4.8"]

1. e4 {[%clk 1:30:53]} c5 {[%clk 1:30:41]} 2. Nf3 {[%clk 1:31:00]} e6
{[%clk 1:30:37]} 3. d4 {[%clk 1:31:26]} cxd4 {[%clk 1:30:35]} 4. Nxd4
{[%clk 1:31:40]} a6 {[%clk 1:30:00]} 5. Bd3 {[%clk 1:32:01]} Qc7 {[%clk 1:28:46]}
6. O-O {[%clk 1:32:20]} Nf6 {[%clk 1:26:43]} 7. Qe2 {[%clk 1:31:22]} Bd6
{[%clk 1:19:36]} 8. f4 {[%clk 1:21:00]} Bc5 {[%clk 1:15:36]} 9. Be3
{[%clk 1:20:39]} Qb6 {[%clk 1:15:19]} 10. c3 {[%clk 1:20:32]} Nc6
{[%clk 1:15:22]} 11. Nc2 {[%clk 1:20:16]} d5 {[%clk 1:07:47]} 12. e5
{[%clk 1:17:10]} Nd7 {[%clk 1:06:57]} 13. b4 {[%clk 1:06:40]} Bxe3+
{[%clk 1:03:43]} 14. Qxe3 {[%clk 1:05:25]} Qc7 {[%clk 1:03:01]} 15. Nd2
{[%clk 1:03:39]} Ne7 {[%clk 0:51:01]} 16. c4 {[%clk 0:58:44]} b6 {[%clk 0:49:33]}
17. Rac1 {[%clk 0:55:10]} Bb7 {[%clk 0:40:39]} 18. Nd4 {[%clk 0:49:10]} Qd8
{[%clk 0:40:23]} 19. f5 {[%clk 0:39:57]} exf5 {[%clk 0:36:51]} 20. e6
{[%clk 0:36:16]} Nf6 {[%clk 0:35:53]} 21. exf7+ {[%clk 0:36:33]} Kxf7
{[%clk 0:36:00]} 22. Qe6+ {[%clk 0:35:19]} Kf8 {[%clk 0:36:05]} 23. Nxf5
{[%clk 0:34:35]} Nxf5 {[%clk 0:36:02]} 24. Qxf5 {[%clk 0:30:57]} dxc4
{[%clk 0:33:00]} 25. Nxc4 {[%clk 0:29:07]} b5 {[%clk 0:27:41]} 26. Qc5+
{[%clk 0:15:26]} Qe7 {[%clk 0:19:00]} 27. Nd6 {[%clk 0:13:02]} Kg8
{[%clk 0:13:56]} 28. Nxb7 {[%clk 0:12:09]} Qxb7 {[%clk 0:14:06]} 29. Bc2
{[%clk 0:12:00]} Rd8 {[%clk 0:12:57]} 30. Bb3+ {[%clk 0:12:12]} Nd5
{[%clk 0:13:15]} 31. Rcd1 {[%clk 0:12:11]} h6 {[%clk 0:12:38]} 32. Bxd5+
{[%clk 0:12:11]} Rxd5 {[%clk 0:12:47]} 33. Qxd5+ {[%clk 0:12:18]} 1-0